Statistics for U.S. Metropolitan Areas with the Lowest Murder Rate (>2M pop.)

Click here to take the quiz!

General Stats

  • This quiz has been taken 17 times
  • The average score is 11 of 15

Answer Stats

HintAnswer% Correct
2.8Boston
92%
5.0Denver
92%
2.8Minneapolis
92%
3.0Seattle
92%
2.1Austin
85%
2.8Portland
85%
2.2San Diego
85%
3.8San Francisco
85%
3.2New York
77%
4.7Los Angeles
69%
5.3Tampa
69%
5.4Pittsburgh
62%
3.8Sacramento
54%
4.3San Bernardino/Riverside
46%
5.4Washington
46%

Score Distribution

Percentile by Number Answered

Percent of People with Each Score

Your Score History

You have not taken this quiz